Countries Without the Letter 'A' - Statistics

General Stats
  • This quiz has been taken 70 times
  • The average score is 22 of 30
Answer Stats
Answer % Correct
Belgium
88%
Chile
88%
Sweden
88%
Egypt
84%
Comoros
82%
Fiji
80%
Luxembourg
80%
Togo
80%
United Kingdom
80%
Mexico
78%
Yemen
78%
Greece
76%
Morocco
76%
Belize
74%
Benin
74%
Djibouti
74%
Kosovo
74%
Liechtenstein
74%
Peru
74%
Turkey
74%
Burundi
72%
Seychelles
70%
Cyprus
68%
Niger
68%
Philippines
68%
Lesotho
66%
Czech Republic
62%
Brunei
60%
Montenegro
58%
Rep. of Congo
58%
No matching quizzes found
Score Distribution
Percent of People with Each Score
Percentile by Number Answered
Your Score History
You have not taken this quiz